Goalkeeping (Record no. 9991)
[ view plain ]
| 000 -LEADER | |
|---|---|
| fixed length control field | 00271nam a22001217a 4500 |
| 008 - FIXED-LENGTH DATA ELEMENTS--GENERAL INFORMATION | |
| fixed length control field | 240902b |||||||| |||| 00| 0 eng d |
| 082 ## - DEWEY DECIMAL CLASSIFICATION NUMBER | |
| Classification number | 796.334-26 |
| 100 ## - MAIN ENTRY--PERSONAL NAME | |
| Personal name | Fifa |
| 245 ## - TITLE STATEMENT | |
| Title | Goalkeeping |
| 260 ## - PUBLICATION, DISTRIBUTION, ETC. | |
| Place of publication, distribution, etc. | Switzerland |
| Name of publisher, distributor, etc. | Fifa |
| 300 ## - PHYSICAL DESCRIPTION | |
| Extent | 231 p.; |
| Dimensions | 29.7 Cm. |
| 942 ## - Added entry Elements (Koha) | |
| Source of classification or shelving scheme | Dewey Decimal Classification |
| Withdrawn status | Lost status | Source of classification or shelving scheme | Damaged status | Not for loan | Collection code | Home library | Current library | Shelving location | Date acquired | Serial Enumeration / chronology | Total Checkouts | Full call number | Barcode | Date last seen | Price effective from | Koha item type | Public note |
|---|---|---|---|---|---|---|---|---|---|---|---|---|---|---|---|---|---|
| Dewey Decimal Classification | Main TEST | RTC Library | RTC Library | Main opac | 02/09/2024 | 18760 | 796.334 26 FIF | 30019891 | 02/09/2024 | 02/09/2024 | Main | Donated by Mr Saurav Chaliha, Spring 2024 |